Mẫu soạn thảo văn bản dùng cho các cơ quan chính quyền địa phương đơn vị hành chính sự nghiệp, tổ chức kinh tế : (Mẫu tham khảo)

שמור ב:
מידע ביבליוגרפי
מחבר ראשי: Lê, Văn In
פורמט: ספר
שפה:Undetermined
יצא לאור: Hà Nội Chính trị Quốc gia 1999
נושאים:
תגים: הוספת תג
אין תגיות, היה/י הראשונ/ה לתייג את הרשומה!
Thư viện lưu trữ: Trung tâm Học liệu Trường Đại học Cần Thơ
LEADER 00690nam a2200205Ia 4500
001 CTU_55506
008 210402s9999 xx 000 0 und d
020 |c 80000 
082 |a 652 
082 |b I.311 
100 |a Lê, Văn In 
245 0 |a Mẫu soạn thảo văn bản dùng cho các cơ quan chính quyền địa phương đơn vị hành chính sự nghiệp, tổ chức kinh tế : 
245 0 |b (Mẫu tham khảo) 
245 0 |c Lê Văn In 
260 |a Hà Nội 
260 |b Chính trị Quốc gia 
260 |c 1999 
650 |a Correspondence 
904 |i Giang sửa 
980 |a Trung tâm Học liệu Trường Đại học Cần Thơ